Normal view
MARC view
- AGRICULTURAL MECHANICS
Entry Topical Term
001 - CONTROL NUMBER
- control field: 69132
003 - CONTROL NUMBER IDENTIFIER
- control field: NUST
005 - DATE AND TIME OF LATEST TRANSACTION
- control field: 20210628204157.0
008 - FIXED-LENGTH DATA ELEMENTS
- fixed length control field: 210628|| aca||aabn | a|a d
040 ## - CATALOGING SOURCE
- Original cataloging agency: NUST
- Transcribing agency: NUST
150 ## - HEADING--TOPICAL TERM
- Topical term or geographic name entry element: AGRICULTURAL MECHANICS
670 ## - SOURCE DATA FOUND
- Source citation: Work cat.: (NUST): Herren, Ray.V 69131, Agricultural mechanics, fundamentals and applications, 2010
